• 首页
  • 本馆介绍
  • 公告通知
  • 最新文献
  • 馆藏检索
  • 电子资源
  • 读者导购
  • 参考咨询
  • 我的图书馆
  • 登录
  • 详细信息显示
  • 放入我的书架
  • 预约/预借图书
  • 作者相关作品
  • 分类相关作品
  • 丛书相关作品
  • 出版社相关作品

书目信息

  • 表格格式
  • 工作单格式
  • 卡片格式
题名:
旅游休闲地理学
    
 
作者: 霍尔 , Hall , 佩奇 , Page 著 ;周昌军 , 何佳梅 译
分册:  
出版信息: 北京   旅游教育出版社  2007
页数: 19,485页
开本: 23cm
丛书名: 旅游管理译丛
单 册:
中图分类: F591.99
科图分类:
主题词: 旅游地理学
电子资源:
ISBN: 978-7-5637-1533-6
000 01185oam2 2200337 450
001 010030006303
005 20091207084230.19
010    @a978-7-5637-1533-6@dCNY50.00
100    @a20071105d2007 em y0chiy0110 ea
101 1  @achi@ceng
102    @aCN@b110000
105    @aak z 000yy
106    @ar
200 1  @a旅游休闲地理学@9lu^ you xiu xian di li xue@e环境·地点·空间@f(英)C.米歇尔·霍尔(Micheal C. Hall),(英)斯蒂芬·J.佩奇(Stephen J. Page)著@g周昌军,何佳梅译
210    @a北京@c旅游教育出版社@d2007
215    @a19,485页@c图@d23cm
225 2  @a旅游管理译丛
305    @a据原书第3版译出
330    @a本书回顾与评述对学科发展有重要影响的研究,全面分析旅游、休闲与游憩等领域的重大问题。
461  0 @12001 @a旅游管理译丛
510 1  @aGeography of tourism & recreation@eenvironment , place and space@zeng
606 0  @a旅游地理学
690    @aF591.99@v4
701  1 @a霍尔@9huo er@bM.C.@4著
701  1 @aHall@bMicheal C.@4著
701  1 @a佩奇@9pei qi@bS.J.@4著
701  1 @aPage@bStephen J.@4著
702  0 @a周昌军@9zhou chang jun@4译
702  0 @a何佳梅@9he jia mei@4译
801  0 @aCN@bRENTIAN@c20091207
905    @b20795678-83@dF591.99@e242@f6
    
    旅游休闲地理学:环境·地点·空间/(英)C.米歇尔·霍尔(Micheal C. Hall),(英)斯蒂芬·J.佩奇(Stephen J. Page)著/周昌军,何佳梅译.-北京:旅游教育出版社,2007
    19,485页:图;23cm.-(旅游管理译丛)
    
    
    ISBN 978-7-5637-1533-6:CNY50.00
    本书回顾与评述对学科发展有重要影响的研究,全面分析旅游、休闲与游憩等领域的重大问题。
●
相关链接 在E读中查询图书 在五车中查询图书 在当当中查询图书 在豆瓣中查询图书


正题名:旅游休闲地理学     索取号:F591.99/242         预约/预借

序号 登录号 条形码 馆藏地/架位号 状态 备注
1 795678   207956782   第一样本阅览室/ [索取号:F591.99/242] 在馆    
2 795679   207956791   第一借阅区/ [索取号:F591.99/242] 在馆    
3 795680   207956808   第一借阅区/ [索取号:F591.99/242] 在馆    
4 795681   207956817   第一借阅区/ [索取号:F591.99/242] 在馆    
5 795682   207956826   第一借阅区/ [索取号:F591.99/242] 在馆    
6 795683   207956835   密集书库-文学院/ [索取号:F591.99/242] 在馆    
唐山师范学院图书馆 欢迎您!
大连网信软件有限公司© 版权所有